| Tag |
First Indicator |
Second Indicator |
Subfields |
| LEADER |
00000cam a2200000 a 4500 |
| 001 |
in00000019064 |
| 005 |
20151007054143.0 |
| 008 |
830224s1982 txua b 11000 eng d |
| 035 |
|
|
|a (OCoLC)09253525
|
| 035 |
|
|
|9 AAB4148AM
|
| 040 |
|
|
|a IYU
|c IYU
|d TXA
|d UtOrBLW
|
| 049 |
|
|
|a TXAM
|c [A12592751]
|
| 050 |
|
4 |
|a QL207
|b .S69 1982
|
| 245 |
0 |
0 |
|a South Texas fauna :
|b a symposium honoring Dr. Allan H. Chaney, Texas A & I University, Kingsville, Texas, 21-22 December 1977 /
|c Brian R. Chapman, John W. Tunnell, Jr., co-editors.
|
| 264 |
|
1 |
|a Kingsville, Tex. :
|b Caesar Kleberg Wildlife Research Institute, College of Agriculture, Texas A & I University,
|c [1982]
|
| 300 |
|
|
|a viii, 97 pages :
|b illustrations ;
|c 28 cm.
|
| 336 |
|
|
|a text
|b txt
|2 rdacontent
|
| 337 |
|
|
|a unmediated
|b n
|2 rdamedia
|
| 338 |
|
|
|a volume
|b nc
|2 rdacarrier
|
| 500 |
|
|
|a Includes bibliographies.
|
| 650 |
|
0 |
|a Zoology
|z Texas.
|
| 600 |
1 |
0 |
|a Chaney, Allan H.
|q (Allan Harold)
|
| 710 |
2 |
|
|a Caesar Kleberg Wildlife Research Institute.
|
| 700 |
1 |
|
|a Chapman, Brian R.
|
| 700 |
1 |
|
|a Chaney, Allan H.
|q (Allan Harold)
|
| 700 |
1 |
|
|a Tunnell, John W.
|
| 999 |
|
|
|a MARS
|
| 999 |
f |
f |
|s be9984f2-1b12-30a6-9352-7b07c529c0ca
|i 4bc068ec-dcc4-3291-851e-536906b43dc7
|t 0
|
| 952 |
f |
f |
|p ric
|a Texas A&M University
|b Rellis Campus
|c Joint Library Facility
|d Remote Storage
|t 0
|e QL207 .S69 1982
|h Library of Congress classification
|i unmediated -- volume
|m A14812592751
|
| 998 |
f |
f |
|a QL207 .S69 1982
|t 0
|l Remote Storage
|